header

Practical periodontal diagnosis and treatment planning (Record no. 46300)

MARC details
000 -LEADER
fixed length control field 01242nam a2200325Ia 4500
082 04 - DEWEY DECIMAL CLASSIFICATION NUMBER
Classification number 617.6/32
100 1# - MAIN ENTRY--AUTHOR NAME
Personal name Dibart, Serge.
245 10 - TITLE STATEMENT
Title Practical periodontal diagnosis and treatment planning
260 ## - PUBLICATION, DISTRIBUTION, ETC. (IMPRINT)
Place of publication Ames, Iowa :
Name of publisher Wiley-Blackwell,
Year of publication 2009.
300 ## - PHYSICAL DESCRIPTION
Number of Pages x, 176 p. :
Other physical details ill.
650 #0 - SUBJECT ADDED ENTRY--TOPICAL TERM
Topical Term Periodontal disease.
Topical Term Periodontics.
700 1# - ADDED ENTRY--PERSONAL NAME
Personal name Dietrich, Thomas,
856 40 - ELECTRONIC LOCATION AND ACCESS
Uniform Resource Identifier http://site.ebrary.com/lib/rucke/Doc?id=10341824

No items available.

© 2026 Rongo University
Contact us: librarian | system librarian | Rongo university